Countries with a "Z" - Statistics

General Stats
  • This quiz has been taken 64 times
  • The average score is 12 of 15
Answer Stats
Answer % Correct
Zimbabwe
100%
Zambia
96%
Azerbaijan
87%
Mozambique
85%
Uzbekistan
85%
Kazakhstan
83%
Kyrgyzstan
83%
New Zealand
81%
Venezuela
77%
Belize
73%
Brazil
73%
Tanzania
73%
Switzerland
69%
Bosnia and Herzegovina
60%
Czech Republic
56%
No matching quizzes found
Score Distribution
Percent of People with Each Score
Percentile by Number Answered
Your Score History
You have not taken this quiz